00404nam a2200181Ia 4500003000900000008004100009040001300050040001300063041000800076100002200084245004500106250001000151260002500161260000900186300001100195300001000206490000600216IT-RoPAU120407s9999 xx 000 0 und d aIT-RoPAU cIT-RoPAU aita aMassimo Petrocchi aIl problema del lassismo nel secolo XVII aRoma  aStoria e Letteratura c1953 a125 p. c25 cm v1